Guess presidents middle name - Statistics

General Stats
  • This quiz has been taken 12 times
  • The average score is 15 of 27
Answer Stats
First Name Middle Name Last Name Suffix % Correct
Hiram (Ulysses) Ulysses (S.) Grant
100%
John Quincy Adams
91%
John Fitzgerald Kennedy
82%
Stephen Grover Cleveland
82%
William Henry Harrison
82%
Harry S Truman
82%
Franklin Delano Roosevelt
73%
Donald John Trump
73%
Thomas Woodrow Wilson
73%
Lyndon Baines Johnson
64%
William Howard Taft
64%
Barack Hussein Obama II
64%
George Walker Bush
64%
John (Calvin) Calvin Coolidge Jr
55%
David (Dwight) Dwight (David) Eisenhower
55%
James Earl Carter Jr
55%
James Knox Polk
55%
Richard Milhous Nixon
55%
Chester Alan Arthur
45%
James Abram Garfield
36%
George Herbert Walker Bush
36%
William Jefferson Blythe (Clinton) III ( )
36%
Joseph Robinette Biden Jr.
36%
Warren Gamaliel Harding
27%
Herbert Clark Hoover
18%
Leslie (Gerald) Lynch (Rudolph) King (Ford) Jr
18%
Ronald Wilson Reagan
18%
No matching quizzes found
Score Distribution
Percent of People with Each Score
Percentile by Number Answered
Your Score History
You have not taken this quiz